İçeriği atla
Inicio
Centros participantes
Catálogo
Servicios
Contacto
Giriş
English
Deutsch
Español
Français
Italiano
日本語
Nederlands
Português
Português (Brasil)
中文(简体)
中文(繁體)
Türkçe
עברית
Gaeilge
Cymraeg
Ελληνικά
Català
Euskara
Русский
Čeština
Suomi
Svenska
polski
Dansk
slovenščina
اللغة العربية
বাংলা
Galego
Tiếng Việt
Hrvatski
हिंदी
Հայերէն
Українська
Sámegiella
Dil
Tüm Alanlar
Materyal Adı
Yazar
Konu
Yer Numarası
ISBN/ISSN
Etiket
Ara
Gelişmiş
La Naturaleza y sus recursos:...
Alıntıla
E-posta Gönder
Yazdır
Kaydı İhraç Et
İhraç Et RefWorks
İhraç Et EndNoteWeb
İhraç Et EndNote
Favorilerime ekle
Kalıcı bağlantı
İlk derecelendirmeyi ekleyin
La Naturaleza y sus recursos: la gestión del medio ambiente costero
Kaydedildi:
Detaylı Bibliyografya
Müşterek Yazar:
UNESCO
Materyal Türü:
Metin
Baskı/Yayın Bilgisi:
New Yersey:
UNESCO
Etiketler:
Etiketle
Etiket eklenmemiş, İlk siz ekleyin!
Erişim Bilgileri
Diğer Bilgiler
Yorumlar
Benzer Materyaller
MARC Görünümü
MARC
LEADER
00000 a a2200000 04500
001
23927
003
040
090
|a
169100
110
|a
UNESCO
245
|a
La Naturaleza y sus recursos: la gestión del medio ambiente costero
260
|a
New Yersey:
|b
UNESCO
300
|a
48 p.
|b
fonodiscos
999
|c
16861
|d
16861
Benzer Materyaller
El Movimiento obrero en cruces, 1902 - 1925. Corrientes ideológicas y formas de organización en la industria azucarera
Yazar:: Dumoulin, John
Condiciones de credibilidad de los procesos electorales en Centroamérica: los casos recientes de El Salvador, Nicaragua y Costa Rica; propuesta de investigación /
Yazar:: Fernández, Oscar
Costa Rica: panorama económico 1990
Panorama económico de Costa Rica, I semestre de 1990
Engels: selected writings, History, Economics, Social Cristicism, Philosophy, Letters /
Yazar:: Henderson, W.O